| 000 | 00000nam##2200000za#4500 |
| 001 | 9.615758 |
| 003 | CaOODSP |
| 005 | 20210615101255 |
| 007 | ta |
| 008 | 150406|2001||||xxc||||| f|0| 0 eng|d |
| 040 | |aCaOODSP|beng |
| 043 | |an-cn--- |
| 086 | 1 |aNH18-23/78E |
| 110 | 2 |aCanada Mortgage and Housing Corporation. |
| 245 | 14|aThe Headwaters Project - East Clayton neighbourhood concept plan |
| 260 | |aOttawa - Ontario : |bCanada Mortgage and Housing Corporation |c2001. |
| 300 | |a7p. : |bfigs., graph, tables ; |c28 cm. |
| 490 | 1 |aResearch highlight. Socio-economic series |v78 |
| 563 | |aPamphlet |
| 590 | |a01-37|b2001-09-14 |
| 690 | 07|aSustainable development|2gcpds |
| 775 | 08|tLe projet Headwaters - plan conceptuel du quartier d'East Clayton |w(CaOODSP)9.625782 |
| 776 | 0#|tThe Headwaters Project : |w(CaOODSP)9.571757 |
| 830 | #0|aResearch highlight. Socio-economic series ;|v78|w(CaOODSP)9.514827 |
| 986 | |aNHA 60975 |